ნორმალური ფორმატი
MARC ფორმატი
ჩანაწერი Corporate Name
ჩანაწერთა რაოდენობა, რომელიც გამოყენებულია: 1
001 - CONTROL NUMBER
- control field: 23955
003 - CONTROL NUMBER IDENTIFIER
- control field: GE_BSU
005 - DATE AND TIME OF LATEST TRANSACTION
- control field: 20241212114434.0
008 - FIXED-LENGTH DATA ELEMENTS
- fixed length control field: 241212|| aca||aabn | a|a d
040 ## - CATALOGING SOURCE
- Original cataloging agency: GE_BSU
- Transcribing agency: GE_BSU
110 ## - HEADING--CORPORATE NAME
- Corporate name or jurisdiction name as entry element: დემოგრაფიისა და სოციოლოგიის ინსტიტუტი UNFPA
670 ## - SOURCE DATA FOUND
- Source citation: Work cat.: (GE_BSU)49210: წულაძე, გიორგი 4394, საქართველოს დემოგრაფიული წელიწდეულიDemographic yearbook of Georgia = Annuaire demographique de la Georgie, 2010 /
